<?xml version="1.0" encoding="UTF-8"?><?xml-stylesheet type="text/xsl" href="static/style.xsl"?><OAI-PMH xmlns="http://www.openarchives.org/OAI/2.0/" xmlns:xsi="http://www.w3.org/2001/XMLSchema-instance" xsi:schemaLocation="http://www.openarchives.org/OAI/2.0/ http://www.openarchives.org/OAI/2.0/OAI-PMH.xsd"><responseDate>2026-04-13T15:08:43Z</responseDate><request verb="GetRecord" identifier="oai:www.recercat.cat:10459.1/468689" metadataPrefix="marc">https://recercat.cat/oai/request</request><GetRecord><record><header><identifier>oai:recercat.cat:10459.1/468689</identifier><datestamp>2025-10-06T18:57:04Z</datestamp><setSpec>com_2072_3622</setSpec><setSpec>col_2072_479130</setSpec></header><metadata><record xmlns="http://www.loc.gov/MARC21/slim" xmlns:dcterms="http://purl.org/dc/terms/" xmlns:xsi="http://www.w3.org/2001/XMLSchema-instance" xmlns:doc="http://www.lyncode.com/xoai" xsi:schemaLocation="http://www.loc.gov/MARC21/slim http://www.loc.gov/standards/marcxml/schema/MARC21slim.xsd">
   <leader>00925njm 22002777a 4500</leader>
   <datafield ind2=" " ind1=" " tag="042">
      <subfield code="a">dc</subfield>
   </datafield>
   <datafield ind2=" " ind1=" " tag="720">
      <subfield code="a">Resano-Barrio, Pilar</subfield>
      <subfield code="e">author</subfield>
   </datafield>
   <datafield ind2=" " ind1=" " tag="720">
      <subfield code="a">Gracia-Lavedan, Esther</subfield>
      <subfield code="e">author</subfield>
   </datafield>
   <datafield ind2=" " ind1=" " tag="720">
      <subfield code="a">Solano-Pérez, Esther</subfield>
      <subfield code="e">author</subfield>
   </datafield>
   <datafield ind2=" " ind1=" " tag="720">
      <subfield code="a">García-Mediano, Belén</subfield>
      <subfield code="e">author</subfield>
   </datafield>
   <datafield ind2=" " ind1=" " tag="720">
      <subfield code="a">Cubillos-Zapata, Carolina</subfield>
      <subfield code="e">author</subfield>
   </datafield>
   <datafield ind2=" " ind1=" " tag="720">
      <subfield code="a">Díaz-García, Elena</subfield>
      <subfield code="e">author</subfield>
   </datafield>
   <datafield ind2=" " ind1=" " tag="720">
      <subfield code="a">Romero-Peralta, Sofía</subfield>
      <subfield code="e">author</subfield>
   </datafield>
   <datafield ind2=" " ind1=" " tag="720">
      <subfield code="a">Castillo-García, María</subfield>
      <subfield code="e">author</subfield>
   </datafield>
   <datafield ind2=" " ind1=" " tag="720">
      <subfield code="a">Barbé Illa, Ferran</subfield>
      <subfield code="e">author</subfield>
   </datafield>
   <datafield ind2=" " ind1=" " tag="720">
      <subfield code="a">García-Rio, Francisco</subfield>
      <subfield code="e">author</subfield>
   </datafield>
   <datafield ind2=" " ind1=" " tag="720">
      <subfield code="a">Sánchez-de-la-Torre, Manuel</subfield>
      <subfield code="e">author</subfield>
   </datafield>
   <datafield ind2=" " ind1=" " tag="720">
      <subfield code="a">Mediano, Olga</subfield>
      <subfield code="e">author</subfield>
   </datafield>
   <datafield ind2=" " ind1=" " tag="260">
      <subfield code="c">2025</subfield>
   </datafield>
   <datafield ind2=" " ind1=" " tag="520">
      <subfield code="a">Introduction
In the context of the prevailing interest in biomarkers that can assess cardiovascular (CV) risk in obstructive sleep apnea (OSA), ischemia-modified albumin (IMA) is proposed as a potential risk predictor.

Objectives
To evaluate whether IMA levels predict recurrent CV events in patients with acute coronary syndrome (ACS) and OSA, and whether continuous positive airway pressure (CPAP) treatment modifies this risk.

Methods
This post hoc analysis is based on data from the ISAACC study, including 1.011 non-sleepy patients with an ACS. During hospitalization for ACS, a sleep study was conducted and blood samples for IMA determination were obtained. Patients were categorized by their apnea–hypopnea index (AHI) in non-OSA (AHI &lt;15 events/h) or OSA group (AHI ≥15 events/h). “Low” or “high” IMA levels were established based on the median value (⩽ 34.1 U/L or > 34.1 U/L, respectively). The OSA group was randomized to either CPAP or usual care. The recurrence of CV events was evaluated over a 36-months follow-up.

Results
Adjusted cox regression models showed that the OSA group with high IMA level had a significantly reduced risk for CV event recurrence compared with the non-OSA group (HR [95 % CI] 0.59 [0.38–0.93], p = 0.024). In the OSA group with high IMA level, CPAP treatment did not significantly reduce CV recurrence.

Conclusions
OSA was associated with higher IMA levels in patients with ACS. Interestingly, patients with both OSA and high IMA experienced fewer CVEs during follow-up. CPAP treatment demonstrated a non-significant risk reduction in patients with low IMA, whereas no effect was noted in those with high IMA.</subfield>
   </datafield>
   <datafield tag="653" ind2=" " ind1=" ">
      <subfield code="a">Obstructive sleep apnea</subfield>
   </datafield>
   <datafield tag="653" ind2=" " ind1=" ">
      <subfield code="a">Cardiovascular risk</subfield>
   </datafield>
   <datafield tag="653" ind2=" " ind1=" ">
      <subfield code="a">Acute coronary syndrome</subfield>
   </datafield>
   <datafield tag="653" ind2=" " ind1=" ">
      <subfield code="a">Biomarkers</subfield>
   </datafield>
   <datafield tag="653" ind2=" " ind1=" ">
      <subfield code="a">Ischemia modified albumin</subfield>
   </datafield>
   <datafield ind2="0" ind1="0" tag="245">
      <subfield code="a">Ischemia-modified albumin and cardiovascular risk in obstructive sleep apnea and acute coronary syndrome. Long term follow-up after treatment from the ISAACC study</subfield>
   </datafield>
</record></metadata></record></GetRecord></OAI-PMH>